000 00272nam a22001097a 4500
008 230731b xxu||||| |||| 00| 0 eng d
082 _a363.7
_bWHO
245 _aWater Supply and Sanitation Sector Monitoring Report 1996
260 _bWHO
300 _a49p
942 _2ddc
_cBK
999 _c4004
_d4004